| 000 | 01064nam a2200337 a 4500 | ||
|---|---|---|---|
| 999 |
_c128637 _d128637 |
||
| 001 | 2073528 | ||
| 003 | ARRUPE | ||
| 005 | 20181122105717.0 | ||
| 008 | 940203s1993 sa a 001 0 eng d | ||
| 010 | _a 94113699 | ||
| 020 | _a0702129402 | ||
| 035 | _a(OCoLC)30768871 | ||
| 035 | _a(NOTISUF)AJV3722 | ||
| 040 |
_aFU _cFU _dDLC |
||
| 042 | _alccopycat | ||
| 043 | _af------ | ||
| 050 | 0 | 4 |
_aHN29 _b.B647 2003 |
| 082 | 0 | 0 |
_a300/.1/5195 _220 |
| 100 | 1 |
_aBless, Claire. _943611 |
|
| 245 | 1 | 0 |
_aFundamentals of social statistics : _ban African perspective / _cClaire Bless and Ravinder Kathuria. |
| 250 | _a3rd. ed. | ||
| 260 |
_aLusaka : _bJuta and Co, _c1993. |
||
| 300 |
_ax, 165 p. : _bill. ; _c25 cm. |
||
| 650 | 0 |
_aSocial surveys _943612 |
|
| 650 | 0 |
_aSocial sciences _xResearch _zAfrica. _943613 |
|
| 700 | 1 |
_aKathuria, Ravinder. _943614 |
|
| 906 |
_a7 _bcbc _ccopycat _d3 _encip _f19 _gy-gencatlg |
||
| 942 |
_2lcc _cMONOGRAPH |
||